Click the Next Lyric - Taylor Swift - Statistics

General Stats
  • This quiz has been taken 46 times
  • The average score is 8 of 10
Answer Stats
Question Answer % Correct
I stay out too late Got nothing in my brain
93%
'Cause baby now we got bad blood You know it used to be mad love
93%
You can tell me when it's over, if the high was worth the pain Got a long list of ex-lovers
91%
But she wears short skirts I wear T-shirts
91%
'Cause I knew you were trouble when you walked in So shame on me now
91%
We hadn't seen each other in a month When you said you needed space (What?)
91%
Sometimes I feel like everybody is a sexy baby And I'm a monster on the hill
77%
I don't like your little games Don't like your tilted stage
70%
And when I felt like I was an old cardigan Under someone's bed
70%
Fever dream high in the quiet of the night You know that I caught it
70%
No matching quizzes found
Score Distribution
Percent of People with Each Score
Percentile by Number Answered
Your Score History
You have not taken this quiz